Statistics for Taskmaster: Who Did What?

Click here to take the quiz!

General Stats

  • This quiz has been taken 73 times
  • The average score is 11 of 15

Answer Stats

Who...Answer% Correct
got a tattoo reading "GREG"Josh Widdicombe (Series 1)
95%
made Alex Horne sit on a cakeLiza Tarbuck (Series 6)
95%
got taken aside and told off by Greg DaviesJames Acaster (Series 7)
91%
tied Alex Horne to a chairRhod Gilbert (Series 7)
91%
threw a potato into a golf hole first tryJoe Wilkinson (Series 2)
88%
sent Greg Davies 148 cheeky textsMark Watson (Series 5)
86%
fell off the stage during a live taskJessica Knappett (Series 7)
85%
"changed" Greg Davies' nameKatherine Ryan (Series 2)
83%
hurled a watermelon into the groundRomesh Ranganathan (Series 1)
79%
sabotaged their teamJohn Kearns (Series 14)
73%
got an M&M stuck up their noseMel Giedroyc (Series 4)
71%
sung the Taskmaster theme as a babyEd Gamble (Series 9)
67%
tried to pump helium into an eggMawaan Rizwan (Series 10)
50%
hid themselves in a binLou Sanders (Series 8)
32%
popped a balloon in "two hours, fifty seven minutes"Desiree Burch (Series 12)
14%

Score Distribution

Percentile by Number Answered

Percent of People with Each Score

Your Score History

You have not taken this quiz